To Serve the Equipment in Heat Transfer Laboratory, Perform Experiments & prepare experimental Data sheet (Record no. 326314)

000 -LEADER
fixed length control field 00448 a2200133 4500
001 - CONTROL NUMBER
control field 91241
082 ## - DEWEY DECIMAL CLASSIFICATION NUMBER
Classification number PR 1163
090 ## - LOCALLY ASSIGNED LC-TYPE CALL NUMBER (OCLC); LOCAL CALL NUMBER (RLIN)
-- 43328
-- 43328
100 ## - MAIN ENTRY--PERSONAL NAME
Personal name Askry Ali Khan; Prof Irfan-ul-Haq and Khalid M Tahir (Advisors)
245 ## - TITLE STATEMENT
Title To Serve the Equipment in Heat Transfer Laboratory, Perform Experiments & prepare experimental Data sheet
Number of part/section of a work 40 "A" EC
260 ## - PUBLICATION, DISTRIBUTION, ETC.
Place of publication, distribution, etc. Karachi
Name of publisher, distributor, etc. NED University
Date of publication, distribution, etc. 1994
300 ## - PHYSICAL DESCRIPTION
Extent x;226p
500 ## - GENERAL NOTE
General note BE Project Reports
942 ## - ADDED ENTRY ELEMENTS (KOHA)
Institution code [OBSOLETE] CAE NUST
Call number prefix PR 1163
Holdings
Withdrawn status Lost status Damaged status Not for loan Collection code Permanent Location Current Location Date acquired Total Checkouts Full call number Barcode Date last seen Price effective from Koha item type
          College of Aeronautical Engineering (CAE) College of Aeronautical Engineering (CAE) 04/03/2017   PR 1163 CAEPR-1163 04/05/2017 04/05/2017 Book
© 2023 Central Library, National University of Sciences and Technology. All Rights Reserved.